Spots d'escalade en forêt de Fontainebleau - Statistiques

Statistiques générales
  • Ce quiz a été pris 67 fois
  • Le résultat moyen est 3 sur 10
Réponses sur la Carte
Les réponses sont colorées sur une échelle allant du rouge au vert en fonction du pourcentage des utilisateurs qui les ont devinées à leur premier essai. Vous pouvez retrouver ces pourcentages ci-dessous.
 
Statistiques - réponses
Réponse % Correct
Cul de Chien
38%
Bas Cuvier
37%
Buthiers Tennis
37%
Beauvais Nainville
31%
Rocher Canon
31%
95.2
29%
Éléphant
23%
Canche aux Merciers
21%
Franchard Isatis
21%
Rocher Saint-Germain Est
15%
Aucun quiz correspondant
Distribution des résultats
% des personnes avec chaque résultat
Percentile par nombre de réponses
Votre historique - résultats
Vous n’avez pas pris ce quiz